[Event "Reykjavik Faxaven op"]
[Site "Reykjavik"]
[Date "2018.04.04"]
[Round "3"]
[White "Ptacnikova, Lenka"]
[Black "Loftsson, Hrafn"]
[Result "1-0"]
[WhiteElo "2200"]
[BlackElo "2169"]
[PlyCount "73"]
[EventDate "2018.03.21"]
[EventType "swiss"]
[EventRounds "7"]
[EventCountry "ISL"]
[SourceTitle "EXT 2019"]
[Source "ChessBase"]
[SourceDate "2018.10.10"]
[SourceVersion "1"]
[SourceVersionDate "2018.10.10"]
[SourceQuality "1"]

1. c4 d6 2. g3 g6 3. Bg2 Bg7 4. Nc3 Nc6 5. d3 e5 6. e4 Nge7 7. Nge2 h5 8. h4 Bg4 9. f3 Be6 10. Nd5 Bxd5 11. cxd5 Nd4 12. Nxd4 exd4 13. 0-0 c6 14. dxc6 Nxc6 15. f4 Qb6 16. Rf2 0-0-0 17. b4 Kb8 18. Rb2 Rc8 19. Rab1 Ne7 20. Bd2 Rc3 21. Bf1 f5 22. Kh2 Rhc8 23. b5 R8c5 24. Qa4 Bf6 25. Bxc3 dxc3 26. Rb4 c2 27. Rc1 Bc3 28. d4 Bxb4 29. dxc5 Bxc5 30. Rxc2 Bg1+ 31. Kg2 Bc5 32. Bd3 Qd8 33. Qb3 Qa5 34. Qc3 Qa4 35. Qh8+ Kc7 36. Qf6 Kd7 37. exf5 1-0

[Event "Reykjavik Faxaven op"]
[Site "Reykjavik"]
[Date "2018.03.21"]
[Round "1"]
[White "Loftsson, Hrafn"]
[Black "Omarsson, Kristofer"]
[Result "1-0"]
[WhiteElo "2169"]
[BlackElo "1731"]
[PlyCount "65"]
[EventDate "2018.03.21"]
[EventType "swiss"]
[EventRounds "7"]
[EventCountry "ISL"]
[SourceTitle "EXT 2019"]
[Source "ChessBase"]
[SourceDate "2018.10.10"]
[SourceVersion "1"]
[SourceVersionDate "2018.10.10"]
[SourceQuality "1"]

1. d4 d5 2. c4 e6 3. Nf3 Nf6 4. g3 c5 5. cxd5 Nxd5 6. Bg2 Nc6 7. 0-0 Be7 8. Nc3 Nxc3 9. bxc3 0-0 10. Rb1 Qc7 11. Bf4 Bd6 12. Bxd6 Qxd6 13. e3 h6 14. Nd2 cxd4 15. cxd4 Nd8 16. Nc4 Qe7 17. Qd2 Rb8 18. Qa5 b6 19. Qe5 Ba6 20. Qxb8 Bxc4 21. Rfc1 Nc6 22. Qxf8+ Qxf8 23. Rxc4 Na5 24. Rc7 Qa3 25. Rxa7 Qd3 26. Rc1 Qd2 27. Rc8+ Kh7 28. Rxf7 Kg6 29. Rcc7 Qd1+ 30. Bf1 e5 31. dxe5 h5 32. Rxg7+ Kh6 33. Rgd7 1-0

[Event "Reykjavik op"]
[Site "Reykjavik"]
[Date "2018.03.10"]
[Round "9"]
[White "Puglia, Francesco"]
[Black "Loftsson, Hrafn"]
[Result "0-1"]
[WhiteElo "1878"]
[BlackElo "2169"]
[PlyCount "56"]
[EventDate "2018.03.06"]
[EventType "swiss"]
[EventRounds "9"]
[EventCountry "ISL"]
[SourceTitle "EXT 2019"]
[Source "ChessBase"]
[SourceDate "2018.10.10"]
[SourceVersion "1"]
[SourceVersionDate "2018.10.10"]
[SourceQuality "1"]

1. Nf3 c5 2. g3 g6 3. Bg2 Bg7 4. c4 Nc6 5. Nc3 Nf6 6. 0-0 0-0 7. Rb1 d5 8. cxd5 Nxd5 9. Qb3 Nc7 10. d3 b6 11. Be3 Bd7 12. Rfc1 Rc8 13. Qd1 Ne6 14. Qd2 Re8 15. Bh6 Bh8 16. Ne4 Ned4 17. Bg5 Bg4 18. Nxd4 Nxd4 19. Nc3 Qd7 20. h3 Bxh3 21. Kh2 Bxg2 22. Kxg2 c4 23. Rh1 cxd3 24. Rh4 dxe2 25. Rbh1 h5 26. Be3 Qc6+ 27. Ne4 Nf5 28. Rxh5 gxh5 0-1

[Event "Reykjavik WOW Air op"]
[Site "Reykjavik"]
[Date "2015.05.04"]
[Round "6"]
[White "Ragnarsson, Dagur"]
[Black "Loftsson, Hrafn"]
[Result "1/2-1/2"]
[WhiteElo "2347"]
[BlackElo "2171"]
[PlyCount "91"]
[EventDate "2015.03.23"]
[EventType "swiss"]
[EventRounds "7"]
[EventCountry "ISL"]
[SourceTitle "EXT 2016"]
[Source "ChessBase"]
[SourceDate "2015.10.08"]
[SourceVersion "1"]
[SourceVersionDate "2015.10.08"]
[SourceQuality "1"]

1. b3 d5 2. Bb2 Nf6 3. d4 Bf5 4. Nc3 e6 5. Qd2 Bb4 6. f3 c6 7. g4 Bxg4 8. a3 Bxc3 9. Qxc3 Bf5 10. e3 Ne4 11. fxe4 Qh4+ 12. Kd2 Bxe4 13. Qb4 Qe7 14. Qxe7+ Kxe7 15. Nf3 Bxf3 16. Rg1 Rg8 17. Bd3 f5 18. Rg3 Be4 19. Rag1 g6 20. h4 Nd7 21. h5 Nf6 22. hxg6 Rxg6 23. Rxg6 hxg6 24. Rxg6 Kf7 25. Rh6 Rg8 26. a4 Rg2+ 27. Kc3 Bxd3 28. cxd3 Kg7 29. Rh3 Re2 30. b4 Ng4 31. Bc1 Nf2 32. Rg3+ Kf7 33. Bd2 Ng4 34. Rh3 Rh2 35. Rf3 Kg6 36. b5 cxb5 37. axb5 a6 38. b6 Rh8 39. Kb3 Rc8 40. Rg3 Rc6 41. Ba5 Rc1 42. Bb4 Kf7 43. Rh3 Kg7 44. Rg3 Kf7 45. Rh3 Kg7 46. Rg3 1/2-1/2

[Event "Reykjavik WOW Air op"]
[Site "Reykjavik"]
[Date "2015.03.30"]
[Round "2"]
[White "Olafsson, Thorvadur F"]
[Black "Loftsson, Hrafn"]
[Result "1/2-1/2"]
[WhiteElo "2230"]
[BlackElo "2171"]
[PlyCount "79"]
[EventDate "2015.03.23"]
[EventType "swiss"]
[EventRounds "7"]
[EventCountry "ISL"]
[SourceTitle "EXT 2016"]
[Source "ChessBase"]
[SourceDate "2015.10.08"]
[SourceVersion "1"]
[SourceVersionDate "2015.10.08"]
[SourceQuality "1"]

1. e4 d6 2. d4 Nf6 3. Nc3 e5 4. Nf3 Nbd7 5. Bc4 Be7 6. a4 0-0 7. a5 c6 8. 0-0 Qc7 9. Re1 Rb8 10. Ba2 b5 11. axb6 axb6 12. d5 Bb7 13. Nh4 b5 14. Nf5 Nb6 15. dxc6 Bxc6 16. Qd3 b4 17. Nb5 Qd7 18. Nxe7+ Qxe7 19. Qxd6 Qxd6 20. Nxd6 Rbd8 21. Be3 Rxd6 22. Bxb6 Rd2 23. Bb3 Bxe4 24. Bc5 Rc8 25. Bxb4 Rd7 26. Bc3 Bd5 27. Bxd5 Nxd5 28. Rxe5 f6 29. Re2 Nxc3 30. bxc3 Rxc3 31. g3 Rdc7 32. Ra2 Kf7 33. Kf1 R3c4 34. h4 f5 35. Kg2 Rc3 36. Rd2 g6 37. Re2 Kg7 38. Rd2 Kf7 39. Rb2 Kg7 40. Ra2 1/2-1/2

[Event "Reykjavik op"]
[Site "Reykjavik"]
[Date "2015.03.17"]
[Round "9"]
[White "Loftsson, Hrafn"]
[Black "Loos, Roland"]
[Result "0-1"]
[WhiteElo "2171"]
[BlackElo "2337"]
[PlyCount "175"]
[EventDate "2015.03.10"]
[EventType "swiss"]
[EventRounds "10"]
[EventCountry "ISL"]
[SourceTitle "CBM 165 Extra"]
[Source "ChessBase"]
[SourceDate "2015.04.21"]
[SourceVersion "1"]
[SourceVersionDate "2015.04.21"]
[SourceQuality "1"]

1. c4 c6 2. Nf3 d5 3. g3 Nf6 4. Bg2 dxc4 5. 0-0 b5 6. a4 a6 7. axb5 cxb5 8. Nd4 Qxd4 9. Bxa8 Bh3 10. Bg2 Bxg2 11. Kxg2 e6 12. d3 cxd3 13. Qxd3 Qxd3 14. exd3 Nd5 15. Nc3 Nb4 16. Bf4 N8c6 17. Ne2 Be7 18. Bd2 Kd7 19. Bc3 f6 20. Rfd1 Rd8 21. d4 Bd6 22. Nc1 Ra8 23. Bxb4 Nxb4 24. Nb3 Kc6 25. Rac1+ Kd5 26. Nc5 Ra7 27. f3 f5 28. Nb3 a5 29. Rc8 Rc7 30. Rxc7 Bxc7 31. Kf2 Bb6 32. Ke2 Nc6 33. Kd3 a4 34. Nc5 Nxd4 35. Nd7 Ba7 36. f4 Nc6 37. Kc3+ Bd4+ 38. Kc2 b4 39. Nb6+ Kc5 40. Nxa4+ Kb5 41. b3 h6 42. Kd3 Bf6 43. Rc1 Na5 44. Rc5+ Ka6 45. Kc2 Bd4 46. Rc7 Kb5 47. Nb2 Nc6 48. Nc4 Bc3 49. Kb1 Nd4 50. Ka2 Ne2 51. Re7 Nc1+ 52. Kb1 Nxb3 53. Nd6+ Kc5 54. Rxe6 Nd4 55. Nb7+ Kc4 56. Na5+ Kd3 57. Rd6 Ke4 58. Nc6 Nb5 59. Re6+ Kd5 60. Nd8 Bf6 61. Rb6 Na3+ 62. Ka2 Bxd8 63. Rxb4 Nc4 64. Kb3 Ne3 65. Ra4 Bf6 66. Ra2 Ke4 67. Kb4 Bd4 68. Kb5 h5 69. Kc6 h4 70. Kd6 hxg3 71. hxg3 Nf1 72. Ra3 Bf2 73. Ra4+ Bd4 74. Ra3 Bf2 75. Ra4+ Kf3 76. Ke5 Nxg3 77. Rb4 Be3 78. Rb3 g6 79. Kf6 Kxf4 80. Kxg6 Kf3 81. Kf6 f4 82. Kg5 Ne4+ 83. Kh4 Ke2 84. Rb2+ Bd2 85. Kg4 Nf2+ 86. Kf5 f3 87. Ra2 Nd1 88. Kg4 0-1

[Event "Reykjavik op"]
[Site "Reykjavik"]
[Date "2015.03.15"]
[Round "7"]
[White "Loftsson, Hrafn"]
[Black "Hamitevici, Vladimir"]
[Result "0-1"]
[WhiteElo "2171"]
[BlackElo "2450"]
[PlyCount "92"]
[EventDate "2015.03.10"]
[EventType "swiss"]
[EventRounds "10"]
[EventCountry "ISL"]
[SourceTitle "CBM 165 Extra"]
[Source "ChessBase"]
[SourceDate "2015.04.21"]
[SourceVersion "1"]
[SourceVersionDate "2015.04.21"]
[SourceQuality "1"]

1. Nf3 c5 2. c4 g6 3. d4 Nf6 4. Nc3 Bg7 5. g3 0-0 6. Bg2 d6 7. dxc5 dxc5 8. Qxd8 Rxd8 9. Be3 Na6 10. 0-0 Ng4 11. Bg5 f6 12. Bc1 Be6 13. b3 Nb4 14. Bb2 Rac8 15. Rfd1 Kf8 16. h3 Nh6 17. Ne1 Rxd1 18. Rxd1 f5 19. Nd3 Nxd3 20. Rxd3 b6 21. Bc1 Nf7 22. Nd5 Ne5 23. Nf4 Bf7 24. Rd1 e6 25. Kf1 Ke7 26. Bb2 Bf6 27. h4 h6 28. Bc1 g5 29. hxg5 hxg5 30. Nh3 g4 31. Nf4 Be8 32. Bb2 b5 33. cxb5 Bxb5 34. Bxe5 Bxe5 35. Ng6+ Kf6 36. Nxe5 Kxe5 37. Ke1 c4 38. bxc4 Rxc4 39. Rb1 a6 40. Rb2 Ra4 41. Kd2 Bc4 42. Kc3 Bxa2 43. e3 Bd5 44. Bf1 Ra1 45. Bd3 a5 46. Rb1 Ra3+ 0-1

[Event "Reykjavik op"]
[Site "Reykjavik"]
[Date "2015.03.13"]
[Round "5"]
[White "Loftsson, Hrafn"]
[Black "Korning, Peter"]
[Result "1/2-1/2"]
[WhiteElo "2171"]
[BlackElo "1944"]
[PlyCount "80"]
[EventDate "2015.03.10"]
[EventType "swiss"]
[EventRounds "10"]
[EventCountry "ISL"]
[SourceTitle "CBM 165 Extra"]
[Source "ChessBase"]
[SourceDate "2015.04.21"]
[SourceVersion "1"]
[SourceVersionDate "2015.04.21"]
[SourceQuality "1"]

1. Nf3 d5 2. d4 c5 3. c4 e6 4. cxd5 exd5 5. Nc3 Nc6 6. g3 Nf6 7. Bg2 Be7 8. 0-0 0-0 9. dxc5 Bxc5 10. a3 Ne4 11. Na4 Be7 12. Be3 Bf6 13. Nd4 Ne5 14. h3 Nc4 15. Bc1 Re8 16. Nc3 Nxc3 17. bxc3 Qa5 18. Qd3 Bd7 19. Bf4 Rac8 20. Rfc1 Nb2 21. Qd2 Nc4 22. Qd3 Nb2 23. Qd2 Na4 24. Nb3 Qb5 25. Nd4 Bxd4 26. Qxd4 Nb6 27. Bf1 Re4 28. Qd3 Qa5 29. Be3 Rec4 30. Bd4 Na4 31. Rab1 b6 32. Rb4 Nc5 33. Qb1 Qxa3 34. e3 Rxb4 35. cxb4 Ne6 36. Rxc8+ Bxc8 37. Be5 Qa4 38. Bg2 Qd7 39. Qa2 Ng5 40. h4 Ne4 1/2-1/2

[Event "Reykjavik op"]
[Site "Reykjavik"]
[Date "2012.03.09"]
[Round "4"]
[White "Thorhallsson, Throstur"]
[Black "Loftsson, Hrafn"]
[Result "1-0"]
[WhiteElo "2398"]
[BlackElo "2202"]
[PlyCount "65"]
[EventDate "2012.03.06"]
[EventType "swiss"]
[EventRounds "9"]
[EventCountry "ISL"]
[SourceTitle "CBM 147 Extra"]
[Source "ChessBase"]
[SourceDate "2012.04.24"]
[SourceVersion "1"]
[SourceVersionDate "2012.04.24"]
[SourceQuality "1"]

1. e4 c5 2. Nf3 d6 3. d4 cxd4 4. Nxd4 Nf6 5. Nc3 Nc6 6. Bc4 Bd7 7. f4 g6 8. Nf3 Bg7 9. 0-0 0-0 10. Qe2 Bg4 11. Be3 a6 12. h3 Bxf3 13. Qxf3 Rc8 14. Rad1 Nd7 15. Bb3 Na5 16. Bd4 Nc4 17. Bxg7 Kxg7 18. Bxc4 Rxc4 19. b3 Rc6 20. Qd3 Qa5 21. Nd5 Re8 22. Kh1 b5 23. Rf2 Kg8 24. f5 Ne5 25. Qe3 f6 26. fxg6 hxg6 27. Qh6 Kf7 28. Qh7+ Ke6 29. Rxf6+ Kd7 30. Rf8 Rxf8 31. Qxe7+ Kc8 32. Qxf8+ Kb7 33. Qg7+ 1-0

[Event "Reykjavik TR-chA"]
[Site "Reykjavik"]
[Date "2008.11.14"]
[Round "9"]
[White "Loftsson, Hrafn"]
[Black "Halldorsson, Jon Arni"]
[Result "1-0"]
[WhiteElo "2242"]
[BlackElo "2160"]
[PlyCount "34"]
[EventDate "2008.10.26"]
[EventType "tourn"]
[EventRounds "9"]
[EventCountry "ISL"]
[SourceTitle "EXT 2010"]
[Source "ChessBase"]
[SourceDate "2010.11.25"]
[SourceVersion "1"]
[SourceVersionDate "2010.11.25"]
[SourceQuality "1"]

1. Nf3 d5 2. g3 Nf6 3. Bg2 Bf5 4. 0-0 e6 5. d3 Nbd7 6. Nbd2 h6 7. Qe1 Bh7 8. b3 Bd6 9. e4 dxe4 10. dxe4 e5 11. Bb2 Qe7 12. a3 0-0 13. Nh4 c6 14. Nf5 Bxf5 15. exf5 Rfe8 16. Nc4 Bc7 17. a4 Nb6 1-0

[Event "Reykjavik TR-chA"]
[Site "Reykjavik"]
[Date "2008.11.09"]
[Round "7"]
[White "Loftsson, Hrafn"]
[Black "Kristjansson, Atli Freyr"]
[Result "1-0"]
[WhiteElo "2242"]
[BlackElo "2093"]
[PlyCount "57"]
[EventDate "2008.10.26"]
[EventType "tourn"]
[EventRounds "9"]
[EventCountry "ISL"]
[SourceTitle "EXT 2010"]
[Source "ChessBase"]
[SourceDate "2010.11.25"]
[SourceVersion "1"]
[SourceVersionDate "2010.11.25"]
[SourceQuality "1"]

1. e4 c5 2. Nc3 e6 3. Nf3 a6 4. d4 cxd4 5. Nxd4 b5 6. Be3 Bb7 7. Bd3 d6 8. a3 Nd7 9. 0-0 Ngf6 10. f4 Qc7 11. Kh1 Nc5 12. Qf3 Be7 13. Rae1 0-0 14. Qh3 Nxd3 15. cxd3 Rfe8 16. Rf3 Bf8 17. Rg3 g6 18. f5 e5 19. fxg6 fxg6 20. Nf5 Bg7 21. Nxg7 Qxg7 22. Bh6 Qe7 23. Rf1 Qe6 24. Qh4 Nd7 25. Rgf3 Bc6 26. Qf2 Kh8 27. Rf7 Rg8 28. Qh4 Rae8 29. Rxh7+ 1-0

[Event "Reykjavik TR-chA"]
[Site "Reykjavik"]
[Date "2008.11.07"]
[Round "6"]
[White "Kjartansson, David"]
[Black "Loftsson, Hrafn"]
[Result "1-0"]
[WhiteElo "2312"]
[BlackElo "2242"]
[PlyCount "129"]
[EventDate "2008.10.26"]
[EventType "tourn"]
[EventRounds "9"]
[EventCountry "ISL"]
[SourceTitle "EXT 2010"]
[Source "ChessBase"]
[SourceDate "2010.11.25"]
[SourceVersion "1"]
[SourceVersionDate "2010.11.25"]
[SourceQuality "1"]

1. e4 c5 2. Nf3 Nc6 3. d4 cxd4 4. Nxd4 g6 5. Be3 Nf6 6. Nc3 Bg7 7. Bc4 Qa5 8. Nb3 Qc7 9. 0-0 0-0 10. Be2 d6 11. h3 b6 12. Bg5 a6 13. Qd2 Na5 14. Nxa5 bxa5 15. Bxf6 exf6 16. Nd5 Qc5 17. Rad1 f5 18. exf5 Bxf5 19. c3 Be6 20. Bf3 Bxd5 21. Bxd5 Rab8 22. Rfe1 Be5 23. Re4 Bf6 24. Qf4 Kg7 25. Rc4 Qa7 26. Rd2 Be5 27. Qf3 Rbc8 28. Ra4 Rc5 29. Re4 f5 30. Re1 Qc7 31. g3 Rb5 32. Kg2 Rbb8 33. Qe2 Rb6 34. f4 Bf6 35. Qd3 Rfb8 36. Ree2 Qd7 37. Bf3 Qb5 38. Qe3 Rc8 39. Qe6 Qc5 40. Qd7+ Kh8 41. Re6 Rf8 42. Rde2 Qb5 43. Qc7 Bd8 44. Qa7 Bf6 45. a4 Qc5 46. Qd7 d5 47. Re8 Rb8 48. Rxb8 Rxb8 49. Qe6 Rf8 50. Bxd5 Bg7 51. h4 Rd8 52. c4 Qd4 53. h5 gxh5 54. Qxf5 Qf6 55. Qxh5 Qh6 56. Qf7 Qf6 57. Re8+ Rxe8 58. Qxe8+ Bf8 59. b3 Kg7 60. Qd7+ Kh8 61. Kf3 Qd4 62. Qf7 Qd1+ 63. Kg2 Qe2+ 64. Kh3 Qf1+ 65. Bg2 1-0

[Event "Reykjavik TR-chA"]
[Site "Reykjavik"]
[Date "2008.10.26"]
[Round "1"]
[White "Bjornsson, Sverrir Orn"]
[Black "Loftsson, Hrafn"]
[Result "1/2-1/2"]
[WhiteElo "2150"]
[BlackElo "2242"]
[PlyCount "41"]
[EventDate "2008.10.26"]
[EventType "tourn"]
[EventRounds "9"]
[EventCountry "ISL"]
[SourceTitle "EXT 2010"]
[Source "ChessBase"]
[SourceDate "2010.11.25"]
[SourceVersion "1"]
[SourceVersionDate "2010.11.25"]
[SourceQuality "1"]

1. d4 f5 2. g3 Nf6 3. Bg2 g6 4. Nf3 Bg7 5. b3 0-0 6. Bb2 d6 7. 0-0 c6 8. c4 e5 9. dxe5 Ng4 10. Nc3 dxe5 11. e4 Qxd1 12. Raxd1 Nd7 13. Ba3 Re8 14. Rfe1 Nf8 15. Bd6 f4 16. h3 Nh6 17. gxf4 exf4 18. Ne2 Rxe4 19. Ng5 Re8 20. Nxf4 Bf5 21. Nf3 1/2-1/2

[Event "Reykjavik-ch"]
[Site "Reykjavik"]
[Date "2008.01.18"]
[Round "6"]
[White "Kjartansson, Gudmundur"]
[Black "Loftsson, Hrafn"]
[Result "1-0"]
[WhiteElo "2307"]
[BlackElo "2248"]
[PlyCount "65"]
[EventDate "2008.01.06"]
[EventType "swiss"]
[EventRounds "9"]
[EventCountry "ISL"]
[SourceTitle "EXT 2009"]
[Source "ChessBase"]
[SourceDate "2008.11.26"]
[SourceVersion "1"]
[SourceVersionDate "2008.11.26"]
[SourceQuality "1"]

1. e4 c5 2. Nf3 Nc6 3. d4 cxd4 4. Nxd4 g6 5. c4 Nf6 6. Nc3 d6 7. Nc2 Bg7 8. Be2 Nd7 9. Bd2 0-0 10. b4 a5 11. a3 axb4 12. axb4 Rxa1 13. Qxa1 Nd4 14. Nxd4 Bxd4 15. Qb1 f5 16. exf5 Rxf5 17. 0-0 Ne5 18. Qe4 Nc6 19. b5 Re5 20. Qf3 Nb8 21. Nd5 Bf5 22. Bf4 Re6 23. Ne3 Bxe3 24. Bxe3 Be4 25. Qh3 Bf5 26. Qh4 Nd7 27. Bf3 Rf6 28. Bxb7 Ne5 29. Bg5 Rf7 30. Bd5 h5 31. Bxe7 Qc7 32. Qf6 Bd3 33. Bxd6 1-0

[Event "ISL-chT"]
[Site "Reykjavik"]
[Date "2000.03.24"]
[Round "?"]
[White "Olafsson, Helgi"]
[Black "Loftsson, Hrafn"]
[Result "1-0"]
[WhiteElo "2491"]
[BlackElo "2250"]
[PlyCount "81"]
[EventDate "2000.03.24"]
[EventType "team"]
[EventRounds "9"]
[EventCountry "ISL"]
[SourceTitle "EXT 2001"]
[Source "ChessBase"]
[SourceDate "2000.11.22"]
[SourceVersion "1"]
[SourceVersionDate "2000.11.22"]
[SourceQuality "1"]

1. e4 c5 2. Nf3 Nc6 3. Bb5 g6 4. 0-0 Bg7 5. Re1 Nd4 6. Nxd4 cxd4 7. c3 a6 8. Bf1 dxc3 9. Nxc3 d6 10. d4 e6 11. Bf4 Ne7 12. Qd2 0-0 13. Rad1 b5 14. Bh6 Bb7 15. Bxg7 Kxg7 16. Re3 Rc8 17. Ne2 Ng8 18. Ng3 f5 19. Ree1 Nf6 20. d5 Nxe4 21. Nxe4 fxe4 22. dxe6 d5 23. Qd4+ Qf6 24. Qa7 Rc7 25. Rxd5 Qxe6 26. Rd2 Rcf7 27. a3 Qf6 28. Qe3 Qf4 29. Qxf4 Rxf4 30. g3 R4f7 31. Bg2 e3 32. Rxe3 Bxg2 33. Kxg2 Rc7 34. Re6 Rf6 35. Rxf6 Kxf6 36. Rd6+ Kg7 37. Rxa6 Rc2 38. b4 Ra2 39. Ra7+ Kf6 40. Rxh7 Rxa3 41. Rb7 1-0

[Event "Deildakeppni 9596"]
[Site "Gardaboer"]
[Date "1996.03.??"]
[Round "?"]
[White "Fridjonsson, Julius"]
[Black "Loftsson, Hrafn"]
[Result "1-0"]
[WhiteElo "2225"]
[BlackElo "2250"]
[PlyCount "70"]
[EventDate "1996.??.??"]
[EventType "swiss"]
[EventRounds "9"]
[EventCountry "ISL"]
[SourceTitle "EXT 1999"]
[Source "ChessBase"]
[SourceDate "1998.11.16"]
[SourceVersion "1"]
[SourceVersionDate "1998.11.16"]
[SourceQuality "1"]

1. c4 Nf6 2. g3 c5 3. Nc3 d5 4. cxd5 Nxd5 5. Bg2 Nc7 6. Nf3 Nc6 7. a3 e5 8. 0-0 Be7 9. b4 f6 10. bxc5 Bxc5 11. Bb2 Ne6 12. e3 0-0 13. Qb3 Na5 14. Qa2 Qd3 15. Na4 Kh8 16. Bc3 Nc6 17. Rfd1 Rd8 18. Nb2 Qg6 19. d3 Bb6 20. a4 a6 21. Nc4 Ba7 22. Qb1 Nc5 23. Nb6 Bxb6 24. Qxb6 Nxd3 25. Nh4 Qe8 26. Be4 Nxf2 27. Kxf2 Bg4 28. Bf3 Bxf3 29. Nxf3 Qe6 30. Rac1 Qa2+ 31. Qb2 Qe6 32. Qxb7 e4 33. Nd4 Nxd4 34. Rxd4 Qf5+ 35. Kg1 Qf3 1-0